Yugoslavian Countries Today (Europe Map) - Statistics

General Stats
  • This quiz has been taken 2,226 times
  • The average score is 7 of 7
Answers on the Map
Answers color-coded by a green-red scale on the quiz's map according to % correct below.
 
Answer Stats
Country % Correct
Croatia
98%
Serbia
98%
Bosnia and Herzegovina
97%
Kosovo
95%
Montenegro
95%
Slovenia
95%
Macedonia
88%
No matching quizzes found
Score Distribution
Percent of People with Each Score
Percentile by Number Answered
Your Score History
You have not taken this quiz